| 000 -CABECERA |
| fixed length control field |
01372nam a22002177a 4500 |
| 003 - IDENTIFICADOR DEL NÚMERO DE CONTROL |
| control field |
AR-CdUCM |
| 008 - DATOS DE LONGITUD FIJA--INFORMACIÓN GENERAL |
| fixed length control field |
190329b ||||| |||| 00| 0 spa d |
| 040 ## - FUENTE DE LA CATALOGACIÓN |
| Agencia/entidad que catalogó originalmente la obra |
MUNICIPALIDAD PROVINCIAL DEL CUSCO |
| Entidad que transcribió la catalogación |
BIBLIOTECA MUNICIPAL DEL CUSCO |
| 082 ## - NÚMERO DE LA CLASIFICACIÓN DECIMAL DEWEY |
| No. de la edición |
4 ed. |
| No. de Clasificación |
346.07 / |
| Notacion interna |
B23 / 1932 |
| 100 ## - ENTRADA PRINCIPAL--NOMBRE DE PERSONA |
| Nombre Personal |
Barros Errázuriz, Alfredo |
| 245 ## - MENCIÓN DE TÍTULO |
| Título |
Curso de derecho civil / |
| 260 ## - PUBLICACIÓN, DISTRIBUCIÓN, ETC. |
| Lugar de publicación, distribución, etc. |
Santiago : |
| Nombre de la editorial, distribuidor, etc. |
Nascimiento, |
| Fecha de publicación, distribución, etc. |
1932. |
| 300 ## - DESCRIPCIÓN FÍSICA |
| Nº de Páginas Extensión |
5 volúmenes ; |
| Dimensiones |
21 cm. |
| 505 ## - NOTA DE CONTENIDO CON FORMATO |
| Nota de contenido formateada |
Contenido : v.2: Teoría general de las obligaciones -- Noción de la obligación -- De las fuentes de las obligaciones -- Diversas clases de obligaciones -- v.3: Trata de los contratos y de mas fuentes de la obligación -- Generalidades clasificación de los contratos -- Condiciones de validez de los contratos -- Efectos jurídicos de los contratos -- v.5: Definiciones y reglas generales -- La adquisiciones a titulo gratuito -- Sucesión por causa de muerte -- Asignación por causa e muerte -- Sucesión a titulo universal ... |
| 650 ## - PUNTO DE ACCESO ADICIONAL DE MATERIA--TÉRMINO DE MATERIA |
| Descriptor |
Derecho |
| 9 (RLIN) |
739 |
| 650 ## - PUNTO DE ACCESO ADICIONAL DE MATERIA--TÉRMINO DE MATERIA |
| Descriptor |
Contratos |
| 9 (RLIN) |
8317 |
| 650 ## - PUNTO DE ACCESO ADICIONAL DE MATERIA--TÉRMINO DE MATERIA |
| Descriptor |
Jurídicos |
| 9 (RLIN) |
26720 |
| 942 ## - ELEMENTOS DE PUNTO DE ACCESO ADICIONAL (KOHA) |
| Fuente de clasificación |
|
| Tipo de item |
Libros-BMC |
| 945 ## - PROCESAMIENTO DE INFORMACIÓN LOCAL (OCLC) |
| Catalogador |
rah |